Managing executive stress (Record no. 50144)

MARC details
000 -LEADER
fixed length control field 00504nam a2200133 a 4500
008 - FIXED-LENGTH DATA ELEMENTS--GENERAL INFORMATION
fixed length control field 120416s1979 ||||||||||||||||| || u
050 ## - LIBRARY OF CONGRESS CALL NUMBER
Classification number BF 575.S75 Gre
100 ## - MAIN ENTRY--PERSONAL NAME
Personal name Greenwood, James W
245 10 - TITLE STATEMENT
Title Managing executive stress
246 ## - VARYING FORM OF TITLE
Title proper/short title a systems approach
260 ## - PUBLICATION, DISTRIBUTION, ETC.
Place of publication, distribution, etc. New York
Name of publisher, distributor, etc. John Wiley and Sons
Date of publication, distribution, etc. 1979
350 ## - PRICE (NR) (BK AM CF MU VM SE) [OBSOLETE]
Price 0.00
995 ## - RECOMMENDATION 995 [LOCAL, UNIMARC FRANCE]
-- 0.00
-- CBU-MAIN LIBRARY (Kitwe)
-- 1
-- 15.00
-- 1
-- AVAILABLE
-- May 15, 2006
-- Main Library Open Access Collection
Holdings
Withdrawn status Lost status Source of classification or shelving scheme Damaged status Not for loan Home library Current library Shelving location Date acquired Total Checkouts Full call number Barcode Date last seen Price effective from Koha item type
          CBU-MAIN LIBRARY, KITWE. CBU-MAIN LIBRARY, KITWE.   11/30/2022   BF 575.S75 Gre 001284 11/30/2022 11/30/2022 MONOGRAPH